| 000 | 01571cam a22004337a 4500 | ||
|---|---|---|---|
| 003 | CHAP | ||
| 005 | 20220329142823.0 | ||
| 008 | 040430s2003 mx ad r 00010 spa d | ||
| 010 | _a88262 | ||
| 011 | _a89234 | ||
| 035 | _a99785 | ||
| 040 | _cCHAP | ||
| 090 | _aTesis | ||
| 100 | 0 | 0 |
_aCante Juárez, Felipe. _918459 |
| 245 | 1 | 0 |
_aPruebas de hipótesis y razón de verosimilitud generalizada _c/por Felipe Cante Juárez |
| 260 |
_aChapingo, Méx. : _bEl autor, _c2003 |
||
| 300 |
_a85 h. : _bilus. ; gráfs. ; tablas |
||
| 502 | _aTesis (Lic. en Estadística) -- UACH. División de Ciencias Forestales | ||
| 530 | _aTambién disponible en línea | ||
| 590 |
_aALEPH _b10 _c20130110 _lUCH01 _h1457 |
||
| 590 |
_aBATCH-UPD _b10 _c20130110 _lUCH01 _h1629 |
||
| 590 |
_aBATCH-UPD _b10 _c20130410 _lUCH01 _h1022 |
||
| 590 |
_aBATCH-UPD _b10 _c20130914 _lUCH01 _h1325 |
||
| 590 |
_aBATCH-UPD _b10 _c20140324 _lUCH01 _h1443 |
||
| 590 |
_aBATCH-UPD _b10 _c20141002 _lUCH01 _h0821 |
||
| 590 |
_aBATCH _b00 _c20181121 _lUCH01 _h0759 |
||
| 590 |
_aCONVERSION _b10 _c20130109 _lUCH01 _h1349 |
||
| 650 | 1 | 4 |
_aEstadística _xInvestigación. _938251 |
| 650 | 1 | 4 |
_aHipótesis. _955557 |
| 650 | 1 | 4 |
_aProbabilidades. _991687 |
| 650 | 1 | 4 |
_aToma de decisiones. _9113662 |
| 856 |
_3Finding aid _uhttp://10.13.5.2/tesis/99785.pdf _zTeclea aqui |
||
| 856 |
_a1 _n0001254 |
||
| 901 | _aBK | ||
| 905 | _aMarco A. Mendoza T. | ||
| 942 | _cFOLL | ||
| 949 |
_aTesis _bBC _cTES _d33724000909636 _eTS2 _fc.2 _gDonaciØn _h41748 _i99785 _si |
||
| 949 |
_aTesis _bBC _cTES _d997851 _eTS1 _gDonaciØn _h41747 _i99785 _sb |
||
| 999 |
_c88262 _d88262 |
||